Instrumentation in biosciences (Record no. 395722)

MARC details
000 -LEADER
fixed length control field 00533 a2200205 4500
005 - DATE & TIME
control field 20260127101413.0
008 - FIXED-LENGTH DATA ELEMENTS--GENERAL INFORMATION
fixed length control field 260122b |||||||| |||| 00| 0 eng d
020 ## - ISBN
International Standard Book Number 9789389412543
Price Rs. 3595.00
040 ## - CATALOGING SOURCE
Original cataloging agency VIVEKANANDA LIBRARY
082 ## - DDC NUMBER
Classification number 570.284
Book Number T246I
100 ## - MAIN ENTRY--PERSONAL NAME
Personal name Reddy, S M
245 ## - TITLE STATEMENT
Title Instrumentation in biosciences
260 ## - PUBLICATION, DISTRIBUTION, ETC. (IMPRINT)
Name of publisher, distributor, etc Scientific Publishers
Date of publication, distribution, etc 2025
Place of publication, distribution, etc Jodhpur
300 ## - PHYSICAL DESCRIPTION
Pages xiv, 334
650 ## - Subject
Subject Life Sciences
650 ## - Subject
Subject Biology
650 ## - Subject
Subject Analytical Instruments
700 ## - Added Entry Personal Name
Added Entry Personal Name Merugu, Ramchandra
942 ## - ADDED ENTRY ELEMENTS (KOHA)
Koha item type Books
Holdings
Withdrawn status Lost status Source of classification or shelving scheme Damaged status Not for loan Location (home branch) Sublocation or collection (holding branch) Shelving location Date acquired Koha issues (times borrowed) Koha full call number Accession No. Koha date last seen Koha item type
    Dewey Decimal Classification     VIVEKANANDA LIBRARY VIVEKANANDA LIBRARY Vivekananda Library 05/01/2026   570.284 T246I 444202 05/01/2026 Books
© Designed and Maintained by Vivekananda Library, MDU Rohtak